Cash's textbook of chest, heart and vascular disorders for physiotherapists / (Record no. 248872)
[ view plain ]
| 000 -LEADER | |
|---|---|
| fixed length control field | 00600nam a22001815a 4500 |
| 008 - FIXED-LENGTH DATA ELEMENTS--GENERAL INFORMATION | |
| fixed length control field | 861002|1987 ||| 000 0 eng |
| 020 ## - INTERNATIONAL STANDARD BOOK NUMBER | |
| International Standard Book Number | 0571146449 |
| 082 ## - DEWEY DECIMAL CLASSIFICATION NUMBER | |
| Classification number | 616.1 |
| 245 10 - TITLE STATEMENT | |
| Title | Cash's textbook of chest, heart and vascular disorders for physiotherapists / |
| Statement of responsibility, etc | edited by Patricia A. Downie ; with D.M. Innocenti and S.E. Jackson. |
| 250 ## - EDITION STATEMENT | |
| Edition statement | 4th ed. |
| 260 ## - PUBLICATION, DISTRIBUTION, ETC. (IMPRINT) | |
| Place of publication, distribution, etc | New Delhi |
| Name of publisher, distributor, etc | Jaypee Brothers |
| Date of publication, distribution, etc | 1987. |
| 650 ## - SUBJECT ADDED ENTRY--TOPICAL TERM | |
| Form subdivision | Physiotherapy |
| 942 ## - ADDED ENTRY ELEMENTS (KOHA) | |
| Item type | Books |
| 906 ## - LOCAL DATA ELEMENT F, LDF (RLIN) | |
| a | 7 |
| b | ibc |
| c | orignew |
| d | 3 |
| e | opcn |
| f | 19 |
| g | y-gencatlg |
| Withdrawn status | Lost status | Damaged status | Permanent location | Current location | Shelving location | Date acquired | Source of acquisition | Cost, normal purchase price | Full call number | Barcode | Date last seen | Koha item type |
|---|---|---|---|---|---|---|---|---|---|---|---|---|
| CENTRAL LIBRARY, NOORUL ISLAM CENTRE FOR HIGHER EDUCATION | CENTRAL LIBRARY, NOORUL ISLAM CENTRE FOR HIGHER EDUCATION | General stacks | 05/02/2025 | 7-04-2025 | 795.00 | 616.1 P3 | 83577 | 05/02/2025 | Books | |||
| CENTRAL LIBRARY, NOORUL ISLAM CENTRE FOR HIGHER EDUCATION | CENTRAL LIBRARY, NOORUL ISLAM CENTRE FOR HIGHER EDUCATION | General stacks | 05/02/2025 | 7-04-2025 | 795.00 | 616.1 P3 | 83578 | 05/02/2025 | Books |
